| 000 | 00719nam a2200193Ia 4500 | ||
|---|---|---|---|
| 003 | IN-BaIIA | ||
| 008 | 211028s9999 xx 000 0 eng d | ||
| 040 | _cIIA Library | ||
| 080 |
_a083:52 _bCIA |
||
| 100 |
_aCiardullo, Robin B _910500 |
||
| 245 | 0 |
_aTables of Isochrones Constructed from Theoretical Tracks of Stellar Evolution for Ages Between 200 and 25000 Million Yea _cRobin B Ciardullo and Pierre Demarque |
|
| 260 |
_aNew Haven _bYale University Observatory _c1977 |
||
| 300 | _a552p. | ||
| 650 | _aAstronomy and Astrophysics Thesaurus | ||
| 650 |
_aIsochrones-Tables _910501 |
||
| 650 |
_aTables-Isochrones _910502 |
||
| 700 |
_aDemarque, Pierre _910503 |
||
| 942 | _cBK | ||
| 999 |
_c6058 _d6058 |
||